[Event "OMA-ch"]
[Site "Muscat"]
[Date "2019.12.04"]
[Round "3"]
[White "Al Rizeiqi, Omar"]
[Black "Al Jahwari, Adnan Mohammed"]
[Result "0-1"]
[WhiteElo "1247"]
[BlackElo "1531"]
[PlyCount "76"]
[EventDate "2019.12.02"]
[EventType "swiss"]
[EventRounds "9"]
[EventCountry "OMN"]
[SourceTitle "CBM 195 Extra"]
[Source "ChessBase"]
[SourceDate "2020.05.31"]
[SourceVersion "1"]
[SourceVersionDate "2020.05.31"]
[SourceQuality "1"]

1. d4 Nf6 2. Nc3 e6 3. a3 d5 4. Bf4 a6 5. Nf3 c5 6. e3 Nc6 7. Nb1 Be7 8. Be5 0-0 9. c3 c4 10. b3 b5 11. h3 Ne4 12. Be2 Bb7 13. 0-0 Nxe5 14. Nxe5 f6 15. Ng4 Qc7 16. Qc2 Bd6 17. f4 h5 18. Nf2 Ng3 19. Re1 e5 20. fxe5 fxe5 21. Qg6 exd4 22. Bxh5 Nxh5 23. Qxh5 Bg3 24. Re2 dxe3 25. Ng4 Qf4 26. Nxe3 Bf2+ 27. Kh1 Bxe3 28. Re1 Qf2 29. Qe2 Qg3 30. Qxe3 Rf1+ 31. Qg1 Qxe1 32. Qxf1 Qxf1+ 33. Kh2 d4 34. Ra2 Qxb1 35. Rf2 dxc3 36. bxc4 c2 37. cxb5 c1Q 38. Kg3 Qe3+ 0-1

[Event "OMA-ch"]
[Site "Muscat"]
[Date "2019.12.03"]
[Round "2"]
[White "Al Hadidi, Osama Khalid"]
[Black "Al Rizeiqi, Omar"]
[Result "0-1"]
[WhiteElo "1451"]
[BlackElo "1247"]
[PlyCount "90"]
[EventDate "2019.12.02"]
[EventType "swiss"]
[EventRounds "9"]
[EventCountry "OMN"]
[SourceTitle "CBM 195 Extra"]
[Source "ChessBase"]
[SourceDate "2020.05.31"]
[SourceVersion "1"]
[SourceVersionDate "2020.05.31"]
[SourceQuality "1"]

1. e4 e5 2. Nf3 d6 3. Bc4 h6 4. c3 Nf6 5. d3 a5 6. Nbd2 c6 7. 0-0 a4 8. a3 Be7 9. h3 0-0 10. Re1 d5 11. exd5 cxd5 12. Ba2 Nc6 13. Nxe5 Nxe5 14. Rxe5 Re8 15. Nf1 Qd6 16. Re3 Nh7 17. Qf3 Be6 18. Qg3 Qxg3 19. Rxg3 Bg5 20. Bxg5 Nxg5 21. h4 Nh7 22. d4 h5 23. Re1 Ra5 24. Ne3 Bd7 25. Rc1 Rb5 26. Rc2 Nf6 27. c4 dxc4 28. Bxc4 Rb6 29. Kf1 Re4 30. d5 Rxh4 31. Kg1 Bb5 32. Bxb5 Rxb5 33. Nf5 Rg4 34. Rh3 Rg5 35. Ne7+ Kf8 36. d6 Rbc5 37. Rhc3 Nd7 38. f4 Rxc3 39. Rxc3 Rc5 40. Rxc5 Nxc5 41. Kf1 Nd3 42. Ke2 Nxb2 43. Kd2 Nc4+ 44. Kc3 Nxd6 45. Nc8 Nxc8 0-1